[Event "DVM u16 2005"]
[Site "Berlin"]
[Date "2005.12.29"]
[Round "6.4"]
[White "Strathoff, Jens"]
[Black "Bracker, Arne"]
[Result "1-0"]
[WhiteElo "1838"]
[BlackElo "1905"]
[PlyCount "43"]
[EventDate "1905.??.??"]

1. e4 e6 2. d4 d5 3. Nd2 c5 4. exd5 Qxd5 5. Ngf3 cxd4 6. Bc4 Qd6 7. Qe2 Nf6 8.
O-O Nc6 9. Ne4 Qc7 10. Bg5 Be7 11. Rad1 Bd7 12. Nxd4 Nxd4 13. Rxd4 O-O-O 14.
Nc3 Bd6 {(=)} 15. Bb5 Bc6 16. Rc4 Bxh2+ 17. Kh1 Bd6 18. Bxc6 bxc6 19. Nb5 Qe7
20. Qf3 Kb8 21. Qxc6 Rd7 22. Nxd6 1-0

[Event "DVM u16 2005"]
[Site "Berlin"]
[Date "2005.12.29"]
[Round "6.1"]
[White "Schneider, David"]
[Black "Hirneise, Tobias"]
[Result "1-0"]
[WhiteElo "2192"]
[BlackElo "2149"]
[PlyCount "91"]
[EventDate "1905.??.??"]

1. e4 c5 2. Nf3 e6 3. b3 b6 4. d4 cxd4 5. Nxd4 Bb7 6. Nb5 d6 7. Ba3 a6 8. Nxd6+
Bxd6 9. Qxd6 Qxd6 10. Bxd6 Bxe4 11. Nd2 Bb7 12. Nc4 Nd7 13. Bc7 Ke7 14. Nxb6
Nxb6 15. Bxb6 Rc8 16. c4 Nf6 17. f3 e5 18. Be2 e4 19. fxe4 Nxe4 20. Bf3 Rc6 21.
Bd4 Re6 22. O-O Rg8 23. Rfe1 f5 24. b4 Kf7 25. a4 Rge8 26. Red1 Nd6 27. Bxb7
Nxb7 28. c5 Re4 29. Rac1 Rd8 30. Bc3 Rxd1+ 31. Rxd1 Ke6 32. c6 Nd6 33. Bxg7 Rc4
34. Bf8 Nc8 35. b5 Rxa4 36. Rd8 Na7 37. c7 axb5 38. c8=Q+ Nxc8 39. Rxc8 f4 40.
Rc7 Kf5 41. Rxh7 Ra1+ 42. Kf2 Rb1 43. Rf7+ Ke4 44. h4 Rb2+ 45. Kg1 Rb1+ 46. Kh2
1-0

[Event "DVM u16 2005"]
[Site "Berlin"]
[Date "2005.12.29"]
[Round "6.2"]
[White "Hirneise, Jens"]
[Black "Seyb, Alexander"]
[Result "1/2-1/2"]
[WhiteElo "1902"]
[BlackElo "2068"]
[PlyCount "78"]
[EventDate "1905.??.??"]

1. e4 c5 2. Nf3 d6 3. d4 cxd4 4. Nxd4 Nf6 5. Nc3 a6 6. Be3 e5 7. Nb3 Be6 8. f3
Be7 9. Qd2 O-O 10. O-O-O Nbd7 11. g4 b5 12. g5 b4 13. Na4 Nh5 14. h4 Qc7 15.
Qxb4 Ng3 16. Rh2 Nxf1 17. Rxf1 a5 18. Qc3 Qb7 19. Qe1 Qc6 20. Nc3 a4 21. Nd2 a3
22. Nb3 Rfc8 23. Nd5 Bxd5 24. exd5 Qa6 25. c3 axb2+ 26. Rxb2 Rxc3+ 27. Qxc3
Qxf1+ 28. Kd2 Qxf3 29. Qc6 Rd8 30. Na5 Nc5 31. Nb7 Nxb7 32. Qxb7 Bf8 33. a4
Qg2+ 34. Kd3 e4+ 35. Kd4 Qg4 36. Rf2 Rd7 37. Qb3 Rc7 38. Rf4 Qe2 39. Rf2 Qg4 {
(=)} 1/2-1/2

[Event "DVM u16 2005"]
[Site "Berlin"]
[Date "2005.12.29"]
[Round "6.3"]
[White "Linsenmeyer, Mario"]
[Black "Zeyher, Marius"]
[Result "1/2-1/2"]
[WhiteElo "1930"]
[BlackElo "1611"]
[PlyCount "55"]
[EventDate "1905.??.??"]

1. e4 c5 2. Nf3 e6 3. d4 cxd4 4. Nxd4 Nc6 5. Nc3 a6 6. Be3 Qc7 7. Qd2 Nf6 8.
O-O-O Bb4 9. f3 Ne7 10. Nde2 b5 11. Kb1 Ba5 12. Qd6 Qxd6 13. Rxd6 Bc7 14. Rd1
d5 15. Bc5 Bb7 16. exd5 Nfxd5 17. Ne4 Rd8 18. Nc1 O-O 19. a4 Bc6 20. axb5 axb5
21. Nb3 Bb6 22. Bxb6 Nxb6 23. Be2 Nc4 24. Bxc4 bxc4 25. Nd4 Bd5 26. Nc3 Rb8 27.
Kc1 Rb7 28. Ndb5 {(=)} 1/2-1/2

[Event "DVM u16 2005"]
[Site "Berlin"]
[Date "2005.12.29"]
[Round "6.4"]
[White "Belzner, Jonas"]
[Black "Kirch, Daniel"]
[Result "0-1"]
[WhiteElo "1582"]
[BlackElo "1864"]
[PlyCount "54"]
[EventDate "1905.??.??"]

1. d4 Nf6 2. Nf3 e6 3. e3 b6 4. Bd3 Bb7 5. O-O d5 6. b3 Bd6 7. Bb2 O-O 8. Nbd2
c5 9. Ne5 Nc6 10. a3 Qc7 11. f4 Ne7 12. Qe2 Ne4 13. c4 f6 14. Nef3 Nf5 15. Rac1
Rae8 16. cxd5 exd5 17. b4 Nxe3 18. Rfe1 Nxd2 19. Nxd2 c4 20. Bb1 Bxf4 21. g3
Bxg3 22. Qh5 g6 23. Qh3 Bxe1 24. Rxe1 Bc8 25. Qh4 Nf5 26. Qf2 Rxe1+ 27. Qxe1 c3
0-1

[Event "DVM u16 2005"]
[Site "Berlin"]
[Date "2005.12.29"]
[Round "6.1"]
[White "Baisakow, Alexander"]
[Black "Lange, Jan-David"]
[Result "1-0"]
[WhiteElo "1926"]
[BlackElo "1913"]
[PlyCount "53"]
[EventDate "1905.??.??"]

1. d4 Nf6 2. Nf3 g6 3. g3 Bg7 4. Bg2 O-O 5. O-O d6 6. c4 Nbd7 7. Nc3 e5 8. Rb1
Re8 9. b4 c6 10. dxe5 dxe5 11. Qc2 Nb6 12. Rd1 Qe7 13. c5 Nbd5 14. Ng5 a5 15.
Nxd5 cxd5 16. e4 h6 17. exd5 hxg5 18. d6 Bf5 19. Qxf5 gxf5 20. dxe7 Rxe7 21.
Bxg5 Rc7 22. Rd6 Ne8 23. Rb6 f6 24. Bd5+ Kh7 25. Be3 axb4 26. R6xb4 Rd7 27. Be6
1-0

[Event "DVM u16 2005"]
[Site "Berlin"]
[Date "2005.12.29"]
[Round "6.2"]
[White "Schäfer, Alexander"]
[Black "van Akkeren, Arno"]
[Result "1-0"]
[WhiteElo "1784"]
[BlackElo "1811"]
[PlyCount "73"]
[EventDate "1905.??.??"]

1. e4 e5 2. Nf3 Nc6 3. d4 exd4 4. Nxd4 Bc5 5. Be3 Bxd4 6. Bxd4 Nxd4 7. Qxd4 Qf6
8. e5 Qb6 9. Qc3 Ne7 10. Bd3 Nd5 11. Qb3 Qxb3 12. axb3 O-O 13. O-O Nf4 14. Bc4
b6 15. Nc3 Bb7 {(=)} 16. f3 Rfe8 17. Nb5 Rxe5 18. Nxc7 Rc8 19. Nb5 a5 {(=)} 20.
Nd6 Rb8 21. Bxf7+ Kf8 22. Rfe1 Rg5 23. g3 Nh3+ 24. Kg2 Nf4+ 25. Kf1 Ba6+ 26.
Bc4 Bxc4+ 27. Nxc4 Ng6 28. Rad1 d5 29. Ne3 Ne7 30. f4 Rh5 31. Kg2 Rc8 32. Re2
Rc6 33. g4 Rh4 34. h3 Rch6 35. Nxd5 Nxd5 36. Rxd5 Rxh3 37. Rf5+ 1-0

[Event "DVM u16 2005"]
[Site "Berlin"]
[Date "2005.12.29"]
[Round "6.3"]
[White "Kleinschmidt, Rene"]
[Black "Döring, Andreas"]
[Result "1-0"]
[WhiteElo "1599"]
[BlackElo "1693"]
[PlyCount "67"]
[EventDate "1905.??.??"]

1. e4 e6 2. d4 d5 3. Nd2 Nf6 4. e5 Nfd7 5. Bd3 c5 6. c3 Nc6 7. Ne2 cxd4 8. cxd4
Be7 9. Nf3 O-O 10. O-O Nb4 11. Bb1 f6 12. exf6 Nxf6 13. a3 Nc6 14. Qd3 a5 15.
Ng5 h6 16. Nh7 Re8 17. Nxf6+ Bxf6 18. Qh7+ Kf8 19. Bg6 Qd7 20. Qh8+ Ke7 21.
Qxe8+ Qxe8 22. Bxe8 Kxe8 23. Be3 a4 24. Rfd1 Na5 25. Rac1 Nc4 26. Rc2 Be7 27.
Bd2 Ra6 28. Bb4 Rb6 29. Nf4 Kf7 30. Rd3 Bd7 31. Rf3 Ke8 32. Nd3 Bf6 33. Re2
Bxd4 34. Rf8# 1-0

[Event "DVM u16 2005"]
[Site "Berlin"]
[Date "2005.12.29"]
[Round "6.4"]
[White "Jannes, Alexander"]
[Black "Bor, Tobias"]
[Result "1/2-1/2"]
[WhiteElo "1660"]
[BlackElo "1582"]
[PlyCount "108"]
[EventDate "1905.??.??"]

1. d4 Nf6 2. c4 e6 3. Nc3 Bb4 4. Qc2 c5 5. dxc5 Nc6 6. Nf3 Bxc5 7. Bg5 h6 8.
Bh4 Be7 9. e3 O-O 10. Be2 d5 11. Rd1 Qa5 12. O-O dxc4 13. Bxc4 Qb4 14. Bd3 Ne5
15. Bg3 Nxd3 16. Rxd3 b6 17. Rc1 Bb7 18. Rdd1 Rac8 19. Qb3 Qxb3 20. axb3 Nd5
21. h3 Bb4 22. Nb5 a6 23. Nd6 Bxd6 24. Bxd6 Rfd8 25. Bg3 Rxc1 26. Rxc1 Rc8 27.
Rxc8+ Bxc8 28. Nd4 Nb4 29. Bc7 b5 30. Bd6 Nd5 31. Nc6 Bb7 32. Ne7+ Nxe7 33.
Bxe7 Bd5 34. b4 Bc4 35. f3 f6 36. Kf2 Kf7 37. Bc5 Bd3 38. g3 g6 39. e4 e5 40.
Ke3 Bc4 41. h4 Be6 42. f4 h5 43. Bd6 exf4+ 44. gxf4 Bc8 45. Kd4 Bb7 46. e5 Ke6
47. Kc5 fxe5 48. fxe5 Be4 49. Kb6 Bd3 50. Kxa6 Be2 51. Kb6 Bd3 52. Kc5 Be2 53.
Kd4 Bc4 54. Ke4 Be2 1/2-1/2

[Event "DVM u16 2005"]
[Site "Berlin"]
[Date "2005.12.29"]
[Round "6.1"]
[White "Günnigmann, Manuel"]
[Black "Knickel, Aaron"]
[Result "0-1"]
[WhiteElo "1824"]
[BlackElo "1918"]
[PlyCount "52"]
[EventDate "1905.??.??"]

1. e4 c5 2. Nf3 d6 3. d4 cxd4 4. Nxd4 Nf6 5. Nc3 g6 6. Be3 Bg7 7. Bc4 Nc6 8.
Bb3 Ng4 9. Nxc6 bxc6 10. Bf4 O-O 11. f3 Nf6 12. Be3 Ba6 13. Ne2 c5 14. c4 Nd7
15. Qd2 Ne5 16. Rc1 Rb8 17. Nf4 Bb7 18. O-O Bc6 19. Nd5 a5 20. Nc3 Rb4 21. Nd5
Bxd5 22. Qxd5 a4 23. Bc2 e6 24. Qd1 Nxc4 25. Bf2 Bxb2 26. Rb1 Na3 0-1

[Event "DVM u16 2005"]
[Site "Berlin"]
[Date "2005.12.29"]
[Round "6.2"]
[White "Weber, Max"]
[Black "Seemann, Semjon"]
[Result "1/2-1/2"]
[WhiteElo "1885"]
[BlackElo "1844"]
[PlyCount "78"]
[EventDate "1905.??.??"]

1. b3 e5 2. Bb2 d6 3. e3 g6 4. f4 Bg7 5. Nf3 Nf6 6. fxe5 Ng4 7. Be2 O-O 8. Nc3
Nxe5 9. O-O Nbc6 10. Rb1 f5 11. Nd5 Ne7 12. Nf4 N7c6 13. Nd3 Qe7 14. c4 Bd7 15.
Qc1 Rae8 16. Bc3 Nxd3 17. Bxd3 Ne5 18. Be2 g5 19. Nxe5 dxe5 20. d3 {(=)} f4 21.
Bf3 c6 22. Be4 Bf5 23. b4 Bxe4 24. dxe4 Qe6 25. Bd2 Qg4 26. h3 Qe6 27. Rb3 f3
28. Rxf3 Rxf3 29. gxf3 Qxh3 30. Qf1 Qxf1+ 31. Kxf1 Rd8 32. Ke2 Kf7 33. Rb1 h5
34. Rg1 Bf6 35. Bc3 Kg6 36. Be1 Rd7 37. Bc3 Rd8 38. Be1 Rd6 39. a4 Rd7 {(=)}
1/2-1/2

[Event "DVM u16 2005"]
[Site "Berlin"]
[Date "2005.12.29"]
[Round "6.3"]
[White "Catrais, Michael"]
[Black "Seifert, Christopher"]
[Result "0-1"]
[WhiteElo "1635"]
[BlackElo "1809"]
[PlyCount "50"]
[EventDate "1905.??.??"]

1. e4 c5 2. Nf3 e6 3. d4 cxd4 4. Nxd4 Nf6 5. Nc3 Bb4 6. e5 Ne4 7. Qf3 Qa5 8.
Ndb5 Nxc3 9. bxc3 Be7 10. Qg3 Kf8 11. Be2 Nc6 12. Bf4 a6 13. Nd6 Nd4 14. Bd1
Bxd6 15. exd6 Nf5 16. Qd3 b5 17. O-O Bb7 18. Bg4 Nh4 19. Bg3 Ng6 20. f4 f5 21.
Be2 Kf7 22. Be1 Qa4 23. Bh5 Be4 24. Qh3 Qxc2 25. Qh4 Qxg2# 0-1

[Event "DVM u16 2005"]
[Site "Berlin"]
[Date "2005.12.29"]
[Round "6.4"]
[White "Hummel, Dennis"]
[Black "Günnigmann, Laura"]
[Result "1/2-1/2"]
[WhiteElo "1548"]
[BlackElo "1490"]
[PlyCount "96"]
[EventDate "1905.??.??"]

1. e3 e5 2. d4 d6 3. dxe5 dxe5 4. Qxd8+ Kxd8 5. Nc3 Bb4 6. Bd2 Nc6 7. a3 Ba5 8.
Bc4 f6 9. Nge2 Nge7 10. O-O-O Bd7 11. Nd5 Bxd2+ 12. Rxd2 Nxd5 13. Bxd5 Ke7 14.
Rhd1 Rhd8 15. Nc3 a6 16. f4 Rab8 17. h3 Na7 18. Ne4 b6 19. fxe5 fxe5 20. Ng5
Bf5 21. g4 Bg6 22. h4 h6 23. Nf3 e4 24. Ne5 Bh7 25. Nc6+ Nxc6 26. Bxc6 Rxd2 27.
Rxd2 Rd8 28. Rxd8 Kxd8 29. Kd2 Ke7 30. Bd5 Kd6 31. Bf7 Ke5 32. a4 a5 33. Kc3
Kf6 34. Bc4 Ke5 35. b4 axb4+ 36. Kxb4 Bg6 37. Be2 Be8 38. c4 c5+ 39. Kb3 Bd7
40. Bd1 g6 41. Kc3 g5 42. hxg5 hxg5 43. Kd2 Kd6 44. Kc3 Kc7 45. Kb3 Kb7 46. Kc3
Ka6 47. Kb3 Ka5 48. Ka3 Ka6 1/2-1/2

[Event "DVM u16 2005"]
[Site "Berlin"]
[Date "2005.12.29"]
[Round "6.2"]
[White "Strathoff, Martin"]
[Black "Nißler, Daniel"]
[Result "1-0"]
[WhiteElo "1945"]
[BlackElo "1771"]
[PlyCount "67"]
[EventDate "1905.??.??"]

1. d4 e6 2. c4 Nf6 3. Nc3 Bb4 4. Qc2 b6 5. a3 Bxc3+ 6. bxc3 Bb7 7. Bg5 h6 8.
Bxf6 gxf6 9. e4 Qe7 10. Ne2 Rg8 11. Ng3 d5 12. cxd5 exd5 13. f3 dxe4 14. fxe4
Nd7 15. Be2 f5 16. O-O fxe4 17. Bc4 Rf8 18. Nf5 Qg5 19. h4 Qg6 20. Rae1 Nf6 21.
Qa4+ Kd8 22. Qb4 Re8 23. d5 a5 24. Qb5 Re5 25. Ne3 Ne8 26. Qa4 Nd6 27. Be2 h5
28. Qd4 Re8 29. c4 Rb8 30. c5 bxc5 31. Qxc5 Bc8 32. Rc1 Re7 33. Qd4 Re8 34. Rc6
1-0

[Event "DVM u16 2005"]
[Site "Berlin"]
[Date "2005.12.29"]
[Round "6.3"]
[White "Nißler, Robert"]
[Black "Tkachuk, Konstantyn"]
[Result "0-1"]
[WhiteElo "1401"]
[BlackElo "1955"]
[PlyCount "86"]
[EventDate "1905.??.??"]

1. e4 c5 2. Nf3 d6 3. d4 cxd4 4. Nxd4 Nf6 5. Nc3 g6 6. Be2 Bg7 7. Be3 O-O 8. f3
Nc6 9. Qd2 d5 10. O-O-O Nxd4 11. Bxd4 dxe4 12. Nxe4 Nxe4 13. fxe4 Be6 14. Kb1
Bxd4 15. Qxd4 Qa5 16. a3 Rfd8 17. Qe3 a6 18. Rxd8+ Rxd8 19. Rd1 Rxd1+ 20. Bxd1
Qe5 21. h3 Bd5 22. Qf2 Bxe4 23. Bf3 Bxf3 24. Qxf3 Qe1+ 25. Ka2 Qe6+ 26. Kb1 Qc6
27. Qxc6 bxc6 28. b4 Kf8 29. c4 Ke8 30. Kc2 Kd7 31. Kd3 c5 32. Ke4 Kd6 33. b5
f5+ 34. Kd3 axb5 35. cxb5 e5 36. a4 Kc7 37. Kc4 e4 38. a5 e3 39. Kd3 f4 40. a6
Kb6 41. h4 h6 42. Ke2 c4 43. Kd1 c3 0-1

[Event "DVM u16 2005"]
[Site "Berlin"]
[Date "2005.12.29"]
[Round "6.4"]
[White "Wilms, Christoph"]
[Black "Senf, Carsten"]
[Result "1-0"]
[WhiteElo "1520"]
[BlackElo "1531"]
[PlyCount "61"]
[EventDate "1905.??.??"]

1. d4 e6 2. c4 Nf6 3. Nc3 Bb4 4. Bd2 b6 5. f3 Bxc3 6. Bxc3 d5 7. e3 O-O 8. Bd3
Bb7 9. Ne2 Nbd7 10. Ng3 c5 11. O-O Rc8 12. cxd5 exd5 13. dxc5 Nxc5 14. Bc2 Re8
15. Re1 a5 16. Nf5 b5 17. a3 Qb6 18. Qd4 Rc6 19. Qh4 Ncd7 20. Qg5 g6 21. Kh1
Rce6 22. Rac1 b4 23. Bd4 Qb5 24. a4 Qa6 25. Bd1 Qd3 26. Nh6+ Kg7 27. Be2 Qb3
28. Rc7 Bc8 29. Bb5 Rd8 30. Bxd7 Bxd7 31. Ng4 1-0

[Event "DVM u16 2005"]
[Site "Berlin"]
[Date "2005.12.29"]
[Round "6.1"]
[White "Kanevski, Vladyslav"]
[Black "Koch, Friedrich"]
[Result "0-1"]
[WhiteElo "1728"]
[BlackElo "1707"]
[PlyCount "80"]
[EventDate "1905.??.??"]

1. d4 d5 2. Nf3 Nf6 3. Bf4 e6 4. e3 Nbd7 5. Bd3 Be7 6. h3 c5 7. c3 O-O 8. Nbd2
b6 9. O-O Bb7 10. Qe2 Ne4 11. Ne5 f5 12. f3 Nef6 13. Rae1 Nh5 14. Bh2 Bh4 15.
Nxd7 Qxd7 16. Rc1 f4 17. exf4 Nxf4 18. Bxf4 Rxf4 19. Kh2 Rf7 20. g3 Bf6 21. Qe3
Qd6 22. f4 Bc6 23. Nf3 Re8 24. Ne5 Rfe7 25. Qe2 g6 26. Nxc6 Qxc6 27. Bb5 Qd6
28. Bxe8 Rxe8 29. Qf2 cxd4 30. cxd4 Qb4 31. Rfd1 Re7 32. a3 Qb3 33. Rc3 Qxd1
34. Rc8+ Kf7 35. g4 Qxd4 36. Qf3 Bh4 37. Rc2 Qe4 38. Qc3 Qxf4+ 39. Kh1 Bf6 40.
Qc8 Qf1+ 0-1

[Event "DVM u16 2005"]
[Site "Berlin"]
[Date "2005.12.29"]
[Round "6.2"]
[White "Nötzel, Felix"]
[Black "Steinbach, Ulrich"]
[Result "1-0"]
[WhiteElo "1743"]
[BlackElo "1673"]
[PlyCount "141"]
[EventDate "1905.??.??"]

1. e4 c5 2. Nf3 d5 3. exd5 Qxd5 4. Nc3 Qd8 5. Bc4 Nf6 6. O-O Nc6 7. d3 Bf5 8.
Re1 e6 9. Bf4 Bd6 10. Qd2 O-O 11. Ne4 Bxf4 12. Qxf4 Qe7 13. Ng3 Bg6 14. Ng5 Kh8
15. N5e4 Nxe4 16. Nxe4 Rad8 17. Qg5 Qxg5 18. Nxg5 Nd4 19. Bb3 a6 20. Ne4 Nxb3
21. axb3 Rc8 22. Ra5 Bxe4 23. Rxe4 Rc6 24. f4 g6 25. Re5 b5 26. Ra1 Rd8 27.
Rae1 c4 28. dxc4 bxc4 29. b4 c3 30. b3 Rb6 31. Rc5 Rxb4 32. g3 Rd2 33. Rxc3 Rb5
34. Rf1 Ra5 35. Rf2 Ra1+ 36. Kg2 Rad1 37. h3 Kg7 38. Rxd2 Rxd2+ 39. Kf3 Kf6 40.
Rc5 h5 41. c3 Rd3+ 42. Kg2 Rd2+ 43. Kf3 Rd3+ 44. Kg2 {(=)} Rd2+ 45. Kg1 Rd5 46.
Rxd5 exd5 47. Kf2 Ke6 48. Ke3 Kd6 49. Kd4 f6 50. g4 hxg4 51. hxg4 g5 52. fxg5
fxg5 53. b4 Ke6 54. Kc5 Ke5 55. Kb6 Kf4 56. Kxa6 Kxg4 57. b5 Kf3 58. b6 g4 59.
b7 g3 60. b8=Q g2 61. Qf8+ Ke2 62. Qe7+ Kf2 63. Qe5 g1=Q 64. Qd4+ Kg2 65. Qxg1+
Kxg1 66. Kb5 Kf2 67. Kc5 Ke3 68. Kxd5 Kf4 69. c4 Kf5 70. c5 Kf6 71. Kd6 1-0

[Event "DVM u16 2005"]
[Site "Berlin"]
[Date "2005.12.29"]
[Round "6.3"]
[White "Khorolinsky, Juliyan"]
[Black "Melzer, Alexander"]
[Result "0-1"]
[WhiteElo "1677"]
[BlackElo "1551"]
[PlyCount "58"]
[EventDate "1905.??.??"]

1. e4 d6 2. f4 Nf6 3. Nc3 g6 4. Nf3 Bg7 5. Bc4 O-O 6. d3 c5 7. h3 Nc6 8. Be3 a6
9. a4 b6 10. Qd2 Nb4 11. O-O d5 12. exd5 Nfxd5 13. Nxd5 Nxd5 14. c3 e6 15. d4
Nxe3 16. Qxe3 cxd4 17. Nxd4 Qc7 18. Bb3 Bb7 19. Rad1 Rfe8 20. Qf2 Rad8 21. Rd2
Rd7 22. Rfd1 Rde7 23. Nf3 Qxf4 24. Qxb6 Bxf3 25. Rf2 Qb8 26. Rd6 Qxb6 27. Rxb6
Bb7 28. Rd2 Bh6 29. Rc2 Be3+ 0-1

[Event "DVM u16 2005"]
[Site "Berlin"]
[Date "2005.12.29"]
[Round "6.1"]
[White "Katte, Nicolas"]
[Black "Gadschisade, Machmud"]
[Result "0-1"]
[WhiteElo "1769"]
[BlackElo "1856"]
[PlyCount "118"]
[EventDate "1905.??.??"]

1. d4 Nf6 2. Nf3 d5 3. Bf4 e6 4. e3 b6 5. Bd3 Bb7 6. Nbd2 c5 7. c3 Nc6 8. Ne5
Be7 9. Qf3 Rc8 10. g4 Nxe5 11. Bxe5 Bd6 12. Bxd6 Qxd6 13. g5 Nd7 14. Qh3 h5 15.
gxh6 Rxh6 16. Qg4 g6 17. Nf3 e5 18. dxe5 Nxe5 19. Bb5+ Kf8 20. Nxe5 Qxe5 21.
O-O-O d4 22. Rhe1 dxc3 23. bxc3 Qxc3+ 24. Kb1 f5 25. Qf4 Be4+ 26. Bd3 Bxd3+ 27.
Rxd3 Qxd3+ 28. Kc1 Qc3+ 29. Kd1 Rd8+ 30. Ke2 Qd3+ 31. Kf3 Qe4+ 32. Qxe4 fxe4+
33. Kxe4 Rxh2 34. Re2 Ke7 35. Kf4 Rf8+ 36. Kg3 Rhxf2 37. Rxf2 Rxf2 38. Kxf2 Ke6
39. Ke2 Ke5 40. Kf3 c4 41. e4 c3 42. Ke3 c2 43. Kd2 Kxe4 44. Kxc2 g5 45. Kc3 g4
46. a4 g3 47. a5 g2 48. axb6 g1=Q 49. b7 Qb6 50. b8=Q Qxb8 51. Kc4 Qe5 52. Kb4
Qd5 53. Kc3 Qb5 54. Kd2 Qd3+ 55. Kc1 Qe2 56. Kb1 Qd2 57. Ka1 Kd3 58. Kb1 Kc3
59. Ka1 Qb2# 0-1

[Event "DVM u16 2005"]
[Site "Berlin"]
[Date "2005.12.29"]
[Round "6.2"]
[White "Liwerant, Igor"]
[Black "Künitz, Michael"]
[Result "1/2-1/2"]
[WhiteElo "1466"]
[BlackElo "1699"]
[PlyCount "79"]
[EventDate "1905.??.??"]

1. e4 e6 2. d4 d5 3. e5 c5 4. Nf3 Nc6 5. Be3 cxd4 6. Bxd4 Nxd4 7. Qxd4 Ne7 8.
Nc3 Ng6 9. Bb5+ Bd7 10. Qa4 a6 11. Bxd7+ Qxd7 12. Qxd7+ Kxd7 13. O-O Rc8 14.
Rac1 Rc7 15. Ng5 Nxe5 16. f4 Bc5+ 17. Kh1 Ng4 18. Nxf7 Rf8 19. Ne5+ Nxe5 20.
fxe5 Rxf1+ 21. Rxf1 Ke7 22. Ne2 Bb6 23. c3 Rc4 24. Ng3 Bc7 25. Re1 g6 26. h3
Rf4 27. Re3 Rf2 28. Re2 Rxe2 29. Nxe2 Bxe5 30. g4 Bd6 31. Kg2 e5 32. Kf3 g5 33.
a3 e4+ 34. Ke3 Bc5+ 35. Kd2 Ke6 36. Nd4+ Bxd4 37. cxd4 Kd6 38. b4 b5 39. Kc3
Kc6 40. Kc2 1/2-1/2

[Event "DVM u16 2005"]
[Site "Berlin"]
[Date "2005.12.29"]
[Round "6.3"]
[White "Welke, Vincent"]
[Black "Wittig, Till"]
[Result "1/2-1/2"]
[WhiteElo "1437"]
[BlackElo "1407"]
[PlyCount "58"]
[EventDate "1905.??.??"]

1. e4 e5 2. Nf3 Nc6 3. Bb5 a6 4. Ba4 Bc5 5. O-O d6 6. d3 Nge7 7. Nc3 Bg4 8. h3
Bh5 9. Be3 Bxe3 10. fxe3 O-O 11. Bb3 h6 12. Qd2 Qd7 13. Rf2 Na5 14. Nd5 Nxb3
15. Nxe7+ Qxe7 16. axb3 Rad8 17. Qb4 c6 18. Nd2 f6 19. Nc4 Rf7 20. Nb6 Qc7 21.
c4 Bg6 22. Qa5 Rff8 23. b4 Be8 24. Rff1 c5 25. b5 axb5 26. cxb5 Bf7 27. Qa7 d5
28. Rfd1 dxe4 29. dxe4 Bb3 1/2-1/2

[Event "DVM u16 2005"]
[Site "Berlin"]
[Date "2005.12.29"]
[Round "6.1"]
[White "Eibl, Maximilian"]
[Black "Rosner, Jonas"]
[Result "0-1"]
[WhiteElo "1849"]
[BlackElo "1853"]
[PlyCount "110"]
[EventDate "1905.??.??"]

1. e4 c5 2. Nf3 e6 3. d4 cxd4 4. Nxd4 a6 5. Nc3 Qc7 6. Bd3 Nc6 7. Be3 Nf6 8.
O-O d6 9. Kh1 Be7 10. f4 O-O 11. Qe2 Bd7 12. Rae1 b5 13. a3 Rfd8 14. Bg1 Nxd4
15. Bxd4 Bc6 16. e5 Nd7 17. exd6 Bxd6 18. Qg4 Bf8 19. Ne4 $11 f5 20. Qh3 Bxe4
21. Bxe4 fxe4 22. Qxe6+ Kh8 23. Qxe4 Rac8 24. Bc3 Qc6 25. Qf5 Nc5 26. Rf3 Kg8
27. Rh3 Qg6 28. Qe5 Re8 29. Qd5+ Qf7 30. Qxf7+ Kxf7 31. Rxh7 Rxe1+ 32. Bxe1 Na4
33. b3 Rxc2 34. Kg1 Nb2 35. Rh3 Bxa3 36. Rc3 Rxc3 37. Bxc3 Nd3 38. f5 Nc5 39.
b4 Nd3 40. Kf1 Bxb4 41. Bd4 a5 42. Ke2 Nc5 43. Kd1 a4 44. Kc2 Ne4 45. g4 Be7
46. Kd3 Nc5+ 47. Kc2 b4 48. g5 Nb3 49. Be3 Bc5 50. Bf4 Nd4+ 51. Kb2 Nxf5 52.
Kc2 Nd4+ 53. Kb2 Kg6 54. h4 Kh5 55. Be5 g6 0-1

[Event "DVM u16 2005"]
[Site "Berlin"]
[Date "1905.12.29"]
[Round "6.2"]
[White "Weber, Raphael"]
[Black "Fuhrmann, Max"]
[Result "0-1"]
[WhiteElo "1635"]
[BlackElo "1867"]
[PlyCount "96"]
[EventDate "1905.??.??"]

1. e4 c6 2. d4 d5 3. e5 c5 4. c3 Nc6 5. Nf3 Bg4 6. Be2 e6 7. Be3 Qb6 8. Qd2
Nge7 9. O-O Nf5 10. Rd1 Be7 11. h3 Bxf3 12. Bxf3 O-O 13. Bg4 Nh4 14. a3 Na5 15.
Qe2 Nb3 16. Ra2 Rac8 17. Qd3 Ng6 18. Be2 cxd4 19. cxd4 Rc6 20. Nd2 Nc1 21. Qb1
Nxa2 22. Qxa2 Rc2 23. Rb1 Rfc8 24. Bd3 Rc1+ 25. Kh2 Rxb1 26. Nxb1 Nf8 27. Nc3
a6 28. Qb1 Qc7 29. Ne2 f6 30. f4 fxe5 31. fxe5 Qd8 32. Qf1 Bg5 33. Qf3 Bxe3 34.
Qxe3 Qb6 35. b4 a5 36. b5 Qc7 37. Qg3 Qe7 38. Qg4 Qxa3 39. Nf4 Re8 40. Nh5 Re7
41. Nf6+ Kh8 42. Nxh7 Nxh7 43. Bxh7 Kxh7 44. h4 Qe3 45. Qh5+ Qh6 46. Qg4 Rf7
47. Kh3 Rf4 48. Qg3 Qxh4+ 0-1

[Event "DVM u16 2005"]
[Site "Berlin"]
[Date "2005.12.29"]
[Round "6.3"]
[White "Grafl, Pascal"]
[Black "Volz, Daniel"]
[Result "1/2-1/2"]
[WhiteElo "1650"]
[BlackElo "1428"]
[PlyCount "111"]
[EventDate "1905.??.??"]

1. e4 e5 2. f4 Nf6 3. fxe5 Nxe4 4. Nf3 d5 5. d4 Bf5 6. Bd3 Bg6 7. O-O Be7 8. c4
c6 9. cxd5 cxd5 10. Bb5+ Nc6 11. Qa4 Qb6 12. Nc3 Nxc3 13. bxc3 O-O 14. Be3 a6
15. Bxc6 Qxc6 16. Qb3 b5 17. Rfc1 Rfc8 18. Bg5 Bf8 19. Kf2 h6 20. Bd2 Be7 21.
Rg1 Rc7 22. g4 Rac8 23. Rac1 Qd7 24. Bf4 Rc6 25. h3 Qd8 26. g5 hxg5 27. Bxg5
Bxg5 28. Nxg5 Bf5 29. Rg3 Rg6 30. Rcg1 Rcc6 31. h4 f6 32. Nf3 Rxg3 33. Rxg3 Kh8
34. Qa3 Bh7 35. Kg1 Bf5 36. exf6 Rxf6 37. Ne5 Qf8 38. Qxf8+ Rxf8 39. Rf3 Kg8
40. Kf2 Bc8 41. Rxf8+ Kxf8 42. Ke3 Ke7 43. Kf4 Kf6 44. a3 Be6 45. Nc6 Bc8 46.
Nb4 Bb7 47. h5 a5 48. Nd3 Bc8 49. Ne5 a4 50. Nc6 Be6 51. Nb8 Bc8 52. Nc6 Be6
53. Nb4 Bf7 54. Kg4 Be6+ 55. Kf4 Bf7 56. Kg4 1/2-1/2

[Event "DVM u16 2005"]
[Site "Berlin"]
[Date "1905.12.29"]
[Round "6.4"]
[White "Volz, Alexander"]
[Black "Pokorny, Fabian"]
[Result "0-1"]
[WhiteElo "1379"]
[BlackElo "1442"]
[PlyCount "114"]
[EventDate "1905.??.??"]

1. e4 c5 2. Nf3 d6 3. d4 cxd4 4. Nxd4 Nf6 5. Nc3 g6 6. Be3 Bg7 7. f3 O-O 8. Bc4
Nc6 9. O-O Bd7 10. Nxc6 Bxc6 11. Qd2 a6 12. a3 b5 13. Ba2 Rc8 14. Rab1 Bb7 15.
Nd5 Nxd5 16. Bxd5 Bxd5 17. exd5 Rc4 18. Rfd1 a5 19. c3 Qc7 20. Qf2 Rb8 21. Rd2
b4 22. axb4 axb4 23. cxb4 Rbxb4 24. Rd3 Rc2 25. Qe1 Qc4 26. Rd2 Rbxb2 27. Rxb2
Rxb2 28. Rxb2 Bxb2 29. Qd2 Qa2 30. h3 Qa1+ 31. Kf2 Bc3 32. Qe2 Bd4 33. Bxd4
Qxd4+ 34. Qe3 Qxe3+ 35. Kxe3 Kg7 36. f4 Kf6 37. g3 e6 38. dxe6 fxe6 39. g4 g5
40. Kf3 h6 41. Ke4 d5+ 42. Ke3 gxf4+ 43. Kxf4 e5+ 44. Ke3 Kg5 45. Kf3 Kh4 46.
Kg2 d4 47. Kf3 Kxh3 48. Ke4 Kxg4 49. Kd3 h5 50. Ke2 e4 51. Kd2 h4 52. Ke2 h3
53. Kf2 d3 54. Kg1 Kg3 55. Kf1 e3 56. Ke1 h2 57. Kd1 h1=R# 0-1

[Event "DVM u16 2005"]
[Site "Berlin"]
[Date "2005.12.29"]
[Round "6.1"]
[White "Lorenz, Nicole"]
[Black "Straßer, Manuel"]
[Result "1/2-1/2"]
[WhiteElo "1609"]
[BlackElo "1485"]
[PlyCount "55"]
[EventDate "1905.??.??"]

1. e4 c5 2. Nf3 Nc6 3. Bb5 d6 4. c3 Nf6 5. Qe2 e6 6. O-O Be7 7. d4 cxd4 8. cxd4
O-O 9. Nc3 Bd7 10. Be3 a6 11. Bd3 Rc8 12. Rac1 Nb4 13. Bb1 d5 14. e5 Ne8 15. a3
Nc6 16. Qd3 g6 17. Ne2 Ng7 18. Bh6 Re8 19. Ng3 Na7 20. Qd2 Qb6 21. h4 Rxc1 22.
Rxc1 Rc8 23. h5 Rxc1+ 24. Qxc1 Nb5 25. hxg6 hxg6 26. Bxg7 Kxg7 27. Ne2 Qc6 28.
Qxc6 1/2-1/2

[Event "DVM u16 2005"]
[Site "Berlin"]
[Date "2005.12.29"]
[Round "6.2"]
[White "Krmpotic, Manuel"]
[Black "Schäfer, Erik"]
[Result "0-1"]
[WhiteElo "1476"]
[BlackElo "1770"]
[PlyCount "52"]
[EventDate "1905.??.??"]

1. d4 Nf6 2. c4 g6 3. Nc3 Bg7 4. e4 d6 5. Bd3 O-O 6. Nge2 e5 7. d5 Nh5 8. O-O
f5 9. exf5 gxf5 10. f3 c6 11. Be3 cxd5 12. Nxd5 Be6 13. Nec3 f4 14. Bf2 Nd7 15.
Rc1 Nhf6 16. Bh4 Nb6 17. b3 Nbxd5 18. Nxd5 Qa5 19. Nxf6+ Bxf6 20. Bxf6 Rxf6 21.
Qc2 Qc7 22. Rfd1 Raf8 23. Rd2 Rh6 24. Be4 Qc5+ 25. Kh1 Rff6 26. Rcd1 Rxh2+ 0-1